Revolución : una historia intelectual /
Guardado en:
| Autor Principal: | |
|---|---|
| Otros Autores: | |
| Formato: | Libro |
| Idioma: | Undetermined |
| Publicado: |
Ciudad Autónoma de Buenos Aires :
Fondo de Cultura Económica,
2022.
|
| Edición: | 1a. ed. |
| Series: | Historia
|
| Materias: | |
| Etiquetas: |
Agregar Etiqueta
Sin Etiquetas, Sea el primero en etiquetar este registro!
|
| LEADER | 00590nam a22001815a 4500 | ||
|---|---|---|---|
| 001 | DER.der015351 | ||
| 008 | 251023s2022####xx############000#0#und#d | ||
| 005 | 20251105125253.0 | ||
| 245 | 1 | 0 | |a Revolución : |b una historia intelectual / |c Enzo Traverso ; traducido por Horacio Pons. |
| 250 | |a 1a. ed. | ||
| 260 | |a Ciudad Autónoma de Buenos Aires : |b Fondo de Cultura Económica, |c 2022. | ||
| 300 | |a 644 p. | ||
| 490 | 1 | |a Historia | |
| 020 | |a 9789877193732 | ||
| 100 | 1 | |a Traverso, Enzo. | |
| 700 | 1 | |a Pons, Horacio, |e trad. | |
| 650 | 7 | |a HISTORIA POLITICA | |
| 859 | |a DERECHO |b BIB. DERECHO |h 320.9 |i TRA |p 0010675 | ||
